000 00763nam a2200217 a 4500
001 4128
005 20140414131852.0
008 090209s19uu xx 00 eng d
020 _a0-7368-0420-X
050 _aM 613.2
_bG86 2000
100 _aGregson, Susan R.
245 _aHealthy eating /
_cby Susan R. Gregson.
260 _aMankato, Minnesota :
_bCapstone Press,
_cc2000.
300 _a64 p. : col., ill. cm.
440 _aPerspectives on physical health
500 _aIncludes bibliographical references and index.
520 _aDiscusses how different foods are used in our bodies and how to make healthy eating a part of one's lifestyle
650 _aNutrition
_xJuvenile literature.
650 _aHeatlth
_xJuvenile literature.
999 _c110243
_d110243